Scottish Widows plc v Stewart (Record no. 77434)

MARC details
000 -LEADER
fixed length control field 01591cab a2200181 4500
001 - CONTROL NUMBER
control field ##L134285
008 - FIXED-LENGTH DATA ELEMENTS--GENERAL INFORMATION
fixed length control field 060724n2006 000 0 eng u
035 ## - SYSTEM CONTROL NUMBER
System control number (Sirsi) u134285
041 0# - LANGUAGE CODE
Language code of text/sound track or separate title eng
245 00 - TITLE STATEMENT
Title Scottish Widows plc v Stewart
260 ## - PUBLICATION, DISTRIBUTION, ETC.
Date of publication, distribution, etc. 2006
520 ## - SUMMARY, ETC.
Summary, etc. [2006] EWCA Civ 999, 14 July 2006. Concerns a lack of evidence of agreed assignment of, or contract to assign, the cause of action by one company to another, leading to the failure of a claim for damages. A motor repair company set up by S specialising in high performance cars suffered a loss of business when landlord W installed speed bumps on the approach roads to the estate. The judge decided that, as the business of this company was being carried on by a second company, it was this second company that had suffered the loss. After the loss, this second company either changed its name to that of the original company, or reassigned the business back to the original company, and went into liquidation. The judge decided there had been equitable assignment of cause of action and ruled that the original company could claim for damages. W appealed. "Held": W's appeal allowed. S did not include any evidence to show that the business, and thus the claim, had been reassigned to the original company.
590 ## - LOCAL NOTE (RLIN)
Local note IKA010806
650 24 - SUBJECT ADDED ENTRY--TOPICAL TERM
Topical term or geographic name entry element SCOTTISH WIDOWS PLC V STEWART
690 ## - LOCAL SUBJECT ADDED ENTRY--TOPICAL TERM (OCLC, RLIN)
Topical term or geographic name as entry element PROPERTY-COMMERCIAL PROPERTY-LEASEHOLD COMMERCIAL PROPERTY-COMMERCIAL LANDLORD AND TENANT
856 40 - ELECTRONIC LOCATION AND ACCESS
Uniform Resource Identifier <a href="https://www.bailii.org/ew/cases/EWCA/Civ/2006/999.html">https://www.bailii.org/ew/cases/EWCA/Civ/2006/999.html</a>
Public note View the item free of charge at www.bailii.org...
942 ## - ADDED ENTRY ELEMENTS (KOHA)
Suppress in OPAC 0
Holdings
Withdrawn status Lost status Source of classification or shelving scheme Damaged status Not for loan Home library Current library Shelving location Date acquired Total Checkouts Full call number Barcode Date last seen Copy number Price effective from Koha item type
    Dewey Decimal Classification     Virtual Virtual Online 24/07/2006   ONLINE PUBLICATION 134285-2001 06/08/2019 1 06/08/2019 Law report